[Event "AUTO-BEG-159"]
[Site "http://www.queenalice.com/game.php?id=309938"]
[Date "2007.11.25"]
[Round "1"]
[White "DSMarcal"]
[Black "prodomus"]
[Result "1-0"]
[WhiteElo "1453"]
[BlackElo "1283"]

1. e4 e5 2. g3 Qf6 3. Bg2 Bc5 4. Nf3 Qb6 5. O-O Nh6 6. Nc3 Ng4 7. Nd5 Bxf2+ 8.
Kh1 Qh6 9. h3 Nf6 10. Nxc7+ Kf8 11. Nxa8 Nxe4 12. d3 Nxg3+ 13. Kh2 Qg6 14. Rxf2
Na6 15. Nxe5 Qf6 16. Rxf6 gxf6 17. Bh6+ Ke8 18. Ng4 Nf5 19. Bg7 Nxg7 20. Nxf6+
Kd8 21. a3 Nf5 22. Qh1 Ne3 23. Bxb7 Nc5 24. b4 Nxb7 25. Qf3 Nxc2 26. Rc1 Nxa3
27. Nc7 Nd6 28. Qa8 Ke7 29. Ncd5+ Ke6 30. Qxa7 Nab5 31. Qe3+ Kf5 32. Qf4+ Kg6
33. Rg1# 1-0

[Event "AUTO-BEG-159"]
[Site "http://www.queenalice.com/game.php?id=309955"]
[Date "2007.11.25"]
[Round "1"]
[White "juliocesarbraga"]
[Black "DSMarcal"]
[Result "1/2-1/2"]
[WhiteElo "1492"]
[BlackElo "1462"]

1. e4 e5 2. Nf3 f6 3. Bc4 d5 4. exd5 e4 5. Qe2 Bf5 6. Nd4 Nh6 7. Nxf5 Nxf5 8.
Qxe4+ Ne7 9. Bb5+ c6 10. dxc6 bxc6 11. Bc4 f5 12. Qe6 Qc8 13. Qxc8+ Nxc8 14. O-O
Nd6 15. d3 Nd7 16. Re1+ Be7 17. Bg5 Nf6 18. Bxf6 gxf6 19. Nd2 h5 20. Be6 a5 21.
Nc4 f4 22. Nxd6+ Bxd6 23. Bd5+ Kd7 24. Bc4 h4 25. d4 Rh5 26. Rad1 c5 27. dxc5
Rxc5 28. Be6+ Kc6 29. Rd2 Re8 30. Rde2 Be5 31. Bb3 Rd8 32. Ba4+ Kb6 33. b3 f3
34. gxf3 Rg8+ 35. Kh1 1/2-1/2

[Event "AUTO-BEG-159"]
[Site "http://www.queenalice.com/game.php?id=309956"]
[Date "2007.11.25"]
[Round "1"]
[White "DSMarcal"]
[Black "juliocesarbraga"]
[Result "0-1"]
[WhiteElo "1462"]
[BlackElo "1471"]

1. d4 d5 2. f4 Nc6 3. Nc3 e6 4. Nf3 Bb4 5. g4 Bxc3+ 6. bxc3 Nge7 7. Bg2 O-O 8.
Ba3 a6 9. Qd3 Na5 10. Ng5 g6 11. O-O h6 12. Bxe7 Qxe7 13. Qe3 hxg5 14. fxg5 Kg7
15. Qe5+ Kg8 16. h4 Nc4 17. Qf4 c5 18. h5 Bd7 19. Rab1 b5 20. Rfd1 Kh7 21. dxc5
Qxc5+ 22. Rd4 Na3 23. Rb2 Qxc3 24. Rb3 Qa1+ 25. Bf1 Nxc2 26. hxg6+ fxg6 27. Qh2+
Kg8 28. Qh6 Qxd4+ 29. e3 Qxg4+ 30. Bg2 Qd1+ 31. Bf1 Qxf1+ 32. Kh2 Qe2+ 33. Kh3
e5+ 34. Kg3 Rf3+ 35. Kh4 Rh3# 0-1

[Event "1º COMBATE"]
[Site "http://www.queenalice.com/game.php?id=311288"]
[Date "2007.11.27"]
[Round "-"]
[White "jw16js"]
[Black "DSMarcal"]
[Result "0-1"]
[WhiteElo "1479"]
[BlackElo "1419"]

1. g3 d5 2. b3 e6 3. Bb2 c5 4. Nf3 d4 5. c4 f6 6. d3 e5 7. e4 Bg4 8. Bh3 Bxh3 9.
Nh4 Nc6 10. Qf3 g5 11. Nf5 Nb4 12. Qe2 Bg7 13. Qh5+ Kf8 14. Na3 Nxd3+ 15. Ke2
Nxb2 16. Qxh3 d3+ 17. Kd2 Qa5+ 18. Ke3 Qxa3 19. Rhb1 Rd8 20. Qf1 h5 21. Qc1 h4
22. g4 Nh6 23. Rxb2 Nxg4+ 24. Kd2 Nxh2 25. Ke3 h3 26. Rab1 Rh5 27. Ng3 Rh4 28.
Nf5 Rf4 29. Kd2 Rxf2+ 30. Ke1 Rf1+ 31. Kd2 Qb4+ 32. Qc3 Nf3+ 33. Ke3 Qxc3 34.
Rf2 d2+ 35. Ke2 Qd3# 0-1

[Event "AUTO-BEG-145"]
[Site "http://www.queenalice.com/game.php?id=337969"]
[Date "2008.1.17"]
[Round "2"]
[White "DSMarcal"]
[Black "luizantoniosetti"]
[Result "0-1"]
[WhiteElo "1510"]
[BlackElo "1614"]

1. e4 e6 2. c4 d5 3. a3 dxe4 4. Nc3 Nf6 5. b4 b6 6. b5 Bb7 7. f3 Bc5 8. Nge2
exf3 9. gxf3 O-O 10. Bg2 Re8 11. d4 Bf8 12. Bb2 e5 13. O-O exd4 14. Nxd4 Bc5 15.
Ne2 Rxe2 16. Qxe2 Bxd4+ 17. Kh1 Bxb2 18. Qxb2 Nbd7 19. Rfd1 Qe7 20. Re1 Qc5 21.
Bh3 Bxf3+ 22. Bg2 Bxg2+ 23. Qxg2 Rd8 24. Qe2 c6 25. a4 Kf8 26. bxc6 Qxc6+ 27.
Kg1 Qc5+ 28. Kf1 Re8 0-1

[Event "AUTO-BEG-145"]
[Site "http://www.queenalice.com/game.php?id=337970"]
[Date "2008.1.17"]
[Round "2"]
[White "luizantoniosetti"]
[Black "DSMarcal"]
[Result "1-0"]
[WhiteElo "1626"]
[BlackElo "1498"]

1. d4 d5 2. c4 dxc4 3. e3 Be6 4. Nc3 c6 5. e4 f5 6. f3 h6 7. d5 Bd7 8. Bxc4 fxe4
9. dxc6 Nxc6 10. Nxe4 e6 11. Ne2 Bb4+ 12. Bd2 Qe7 13. a3 Bxd2+ 14. Qxd2 O-O-O
15. Rd1 Na5 16. Qxa5 a6 17. Qc5+ Bc6 18. Qxe7 Nxe7 19. Bxe6+ Kc7 20. O-O Bd5 21.
Bxd5 Nxd5 22. N2c3 Ne3 23. Rxd8 Rxd8 24. Re1 Nc4 25. Rd1 1-0

[Event "AUTO-INT-771"]
[Site "http://www.queenalice.com/game.php?id=344692"]
[Date "2008.1.29"]
[Round "1"]
[White "DSMarcal"]
[Black "YouLoseSorry"]
[Result "0-1"]
[WhiteElo "1463"]
[BlackElo "1512"]

1. e4 d6 2. d4 f5 3. Nc3 Nf6 4. Bd3 Nc6 5. Nf3 fxe4 6. Bxe4 Bg4 7. Bxc6+ bxc6 8.
O-O Bxf3 9. Qxf3 d5 10. b4 Rb8 11. a3 a5 12. bxa5 e6 13. Bf4 Rb2 14. Rae1 Qe7
15. Re2 Qxa3 16. Bxc7 Kd7 17. Qg3 Ne4 18. Nxe4 dxe4 19. Rxe4 Qxg3 20. Bxg3 Rxc2
21. Ra1 Ba3 22. Rxa3 Rc1+ 23. Re1 Rxe1# 0-1

[Event "AUTO-INT-771"]
[Site "http://www.queenalice.com/game.php?id=344693"]
[Date "2008.1.29"]
[Round "1"]
[White "YouLoseSorry"]
[Black "DSMarcal"]
[Result "0-1"]
[WhiteElo "1572"]
[BlackElo "1479"]

1. d3 h6 2. f4 f5 3. Nc3 c6 4. h3 b5 5. g4 g6 6. gxf5 gxf5 7. e4 b4 8. Na4 d6 9.
exf5 Bxf5 10. Nf3 Bg7 11. Nh4 Be6 12. Ng6 Bd5 13. c4 Bxh1 14. Qh5 Rh7 15. f5 Nf6
16. Qh4 d5 17. cxd5 Qxd5 18. Qxb4 Qd7 19. Bf4 Na6 20. Qa5 Qc8 21. d4 Be4 22.
Bxa6 Qxf5 23. Qxf5 Bxf5 24. Ne5 Rb8 25. Nxc6 Rxb2 26. Nxa7 Rb4 27. Bb5+ Bd7 28.
Bxd7+ Nxd7 29. Nc5 Bxd4 30. Nxd7 Bxa1 31. Be5 Bxe5 32. Nxe5 Re4+ 33. Kf2 Rxe5
34. Nc6 Rh5 35. Kg3 Rg7+ 36. Kf4 Rxh3 37. Ne5 h5 38. a4 Rh4+ 39. Ke3 Rxa4 0-1

[Event "AUTO-INT-771"]
[Site "http://www.queenalice.com/game.php?id=344694"]
[Date "2008.1.29"]
[Round "1"]
[White "DSMarcal"]
[Black "carpe_diem"]
[Result "0-1"]
[WhiteElo "1492"]
[BlackElo "1576"]

1. d4 d5 2. Nc3 e6 3. f4 Nf6 4. g3 Bb4 5. a3 Bxc3+ 6. bxc3 Nc6 7. Nf3 O-O 8. h3
Re8 9. g4 Ne4 10. f5 exf5 11. gxf5 Nxc3 12. Qd3 Na4 13. Qb3 Nxd4 14. Nxd4 Nc5
15. Qg3 Ne4 16. Qh2 Qh4+ 17. Kd1 Nf2+ 18. Kd2 Qxd4+ 0-1

[Event "AUTO-INT-771"]
[Site "http://www.queenalice.com/game.php?id=344695"]
[Date "2008.1.29"]
[Round "1"]
[White "carpe_diem"]
[Black "DSMarcal"]
[Result "1-0"]
[WhiteElo "1614"]
[BlackElo "1499"]

1. e4 e5 2. Nf3 Nc6 3. Bb5 Na5 4. O-O c6 5. Be2 f6 6. Nc3 b5 7. b4 Bxb4 8. Bb2
Nh6 9. h3 g5 10. a3 Bxc3 11. Bxc3 d5 12. exd5 cxd5 13. Bxb5+ Bd7 14. Bxd7+ Qxd7
15. Bxa5 O-O 16. Bb4 Rfe8 17. d3 e4 18. dxe4 Rxe4 19. Re1 f5 20. Nxg5 a5 21.
Nxe4 1-0

[Event "AUTO-INT-814"]
[Site "http://www.queenalice.com/game.php?id=363472"]
[Date "2008.2.29"]
[Round "1"]
[White "DSMarcal"]
[Black "telmo"]
[Result "0-1"]
[WhiteElo "1459"]
[BlackElo "1892"]

1. e4 c5 2. Bc4 Nf6 3. Qf3 Nc6 4. Qf4 e6 5. e5 Qc7 6. Nh3 Qxe5+ 7. Qxe5 Nxe5 8.
f4 Nxc4 9. d3 Na5 10. Be3 d5 0-1

[Event "AUTO-INT-814"]
[Site "http://www.queenalice.com/game.php?id=363487"]
[Date "2008.2.29"]
[Round "1"]
[White "Francisco_Ferraz"]
[Black "DSMarcal"]
[Result "1-0"]
[WhiteElo "1780"]
[BlackElo "1462"]

1. b3 e5 2. Bb2 Nc6 3. e3 e4 4. d3 d5 5. dxe4 dxe4 6. Bb5 h5 7. Bxc6+ bxc6 8.
Nd2 f5 9. f4 Bc5 10. Nc4 Bxe3 11. Qxd8+ Kxd8 12. Nxe3 Ne7 13. Bxg7 Rg8 14. Bf6
1-0

[Event "AUTO-INT-814"]
[Site "http://www.queenalice.com/game.php?id=363488"]
[Date "2008.2.29"]
[Round "1"]
[White "DSMarcal"]
[Black "Francisco_Ferraz"]
[Result "0-1"]
[WhiteElo "1466"]
[BlackElo "1776"]

1. d4 g6 2. e4 Bg7 3. Nf3 d6 4. Nc3 Bg4 5. h3 Bxf3 6. gxf3 Nc6 7. Be3 a6 8. a3
e6 9. b4 b5 10. d5 exd5 11. Qxd5 Nge7 0-1

[Event "AUTO-INT-814"]
[Site "http://www.queenalice.com/game.php?id=363499"]
[Date "2008.2.29"]
[Round "1"]
[White "DSMarcal"]
[Black "cyrilledeLePin"]
[Result "0-1"]
[WhiteElo "1476"]
[BlackElo "1614"]

1. e4 e6 2. e5 d5 3. d4 c5 4. c4 Nc6 5. Nf3 Qb6 6. Be2 cxd4 7. Qa4 dxc4 8. Bxc4
Bb4+ 9. Bd2 Bxd2+ 10. Nbxd2 Qxb2 11. Rb1 Qc3 0-1

[Event "AUTO-INT-814"]
[Site "http://www.queenalice.com/game.php?id=363500"]
[Date "2008.2.29"]
[Round "1"]
[White "cyrilledeLePin"]
[Black "DSMarcal"]
[Result "1-0"]
[WhiteElo "1603"]
[BlackElo "1487"]

1. e4 e5 2. Nf3 Nf6 3. Nc3 Bb4 4. d3 d6 5. Be2 h6 6. O-O g5 7. a3 Bxc3 8. bxc3
Nc6 9. d4 Nxe4 10. Qd3 d5 11. dxe5 1-0